000 01254pam a2200349 a 4500
001 1932750
003 NUST
005 20220217115806.0
008 860422t19861937nyu 001 0 eng
010 _a 86010229
020 _a0671628186 (pbk.) :
_c$11.95
038 _awaseem
040 _aDLC
_cDLC
_dDLC
050 0 0 _aQA28
_b.B4 1986
082 0 0 _a510/.92/2
_aB
_219
100 1 _aBell, Eric Temple,
_d1883-1960.
_989105
245 1 0 _aMen of mathematics /
_cby E.T. Bell.
250 _a1st Touchstone ed.
260 _aNew York :
_bSimon & Schuster,
_c1986, c1937.
300 _axvii, 590 p. ;
_c22 cm.
490 0 _aA Touchstone book
500 _aIncludes index.
563 _aPBK.
650 0 _aMathematicians.
_989106
650 0 _aMathematics
_xHistory.
_989107
856 4 2 _3Contributor biographical information
_uhttp://www.loc.gov/catdir/bios/simon051/86010229.html
856 4 1 _3Sample text
_uhttp://www.loc.gov/catdir/samples/simon031/86010229.html
856 4 2 _3Publisher description
_uhttp://www.loc.gov/catdir/description/simon033/86010229.html
856 4 1 _3Table of contents only
_uhttp://www.loc.gov/catdir/enhancements/fy0631/86010229-t.html
906 _a7
_bcbc
_corignew
_d1
_eocip
_f19
_gy-gencatlg
942 _2ddc
_cBK
999 _c587942
_d587942